Joueurs ayant marqués 100 points et plus avec le XV de France. - Statistiques

Statistiques générales
  • Ce quiz a été pris 637 fois
    81 depuis la dernière actualisation
  • Le résultat moyen est 14 sur 42
Statistiques - réponses
Joueurs % Correct
Thomas Ramos
100%
Damian Penaud
90%
Frédéric Michalak
88%
Émile Ntamack
80%
Romain Ntamack
80%
Louis Bielle-Biarrey
70%
Serge Blanco
68%
Morgan Parra
64%
Vincent Clerc
58%
Camille Lopez
52%
Dimitri Yachvili
48%
Melvyn Jaminet
48%
Philippe Saint-André
40%
Philippe Sella
40%
Christophe Dominici
38%
Christophe Lamaison
38%
Baptiste Serin
36%
Lionel Beauxis
36%
Yannick Jauzion
32%
Aurélien Rougerie
26%
David Skrela
26%
Maxime Machenaud
26%
Damien Traille
24%
Philippe Bernat-Salles
22%
Didier Camberabero
20%
Guy Camberabero
20%
Thierry Lacroix
20%
Baptiste Élissalde
18%
Thomas Castaignède
16%
Gérald Merceron
14%
Jean-Pierre Romeu
10%
Richard Dourthe
10%
Guy Laporte
8%
Jean Prat
8%
Jean-Baptiste Lafond
6%
Jean-Michel Aguirre
6%
Jean-Patrick Lescarboura
6%
Michel Vannier
6%
Pierre Villepreux
6%
Philippe Berot
4%
Pierre Albaladejo
4%
Sébastien Viars
4%
Aucun quiz correspondant
Distribution des résultats
% des personnes avec chaque résultat
Percentile par nombre de réponses
Votre historique - résultats
Vous n’avez pas pris ce quiz depuis la dernière actualisation